000 00346nam a2200157Ia 4500
003 OSt
008 191201s2012 xx 000 0 und d
082 _a006.33
_bSHE
100 _aSHARMA,Pankaj
245 0 _aExpert Systems
250 _a2nd
260 _aNew Delhi
_bS.K.Kataria
_c2012
300 _a306
650 _aB.Tech(ECE)
942 _2ddc
_cBK
999 _c110
_d110